• 首页
  • 本馆介绍
  • 公告通知
  • 最新文献
  • 馆藏检索
  • 电子资源
  • 读者导购
  • 参考咨询
  • 我的图书馆
  • 登录
  • 详细信息显示
  • 放入我的书架
  • 预约/预借图书
  • 作者相关作品
  • 分类相关作品
  • 丛书相关作品
  • 出版社相关作品

书目信息

  • 表格格式
  • 工作单格式
  • 卡片格式
题名:
尚书全集
    
 
作者: 周学兵 注译
分册:  
出版信息: 成都   天地出版社  2017
页数: 289页
开本: 23cm
丛书名:
单 册:
中图分类: K221.04
科图分类:
主题词: 商周时代--历史--通俗读物
电子资源:
ISBN: 978-7-5455-2395-9
000 00761nam0 2200253 450
001 012001002736
005 20140926114739.0
010    @a978-7-5455-2395-9@b线装@dCNY29.80
100    @a20170619d2017 em y0chiy50 ea
101 0  @achi
102    @aCN@b510000
105    @ay z 000yy
106    @ar
200 1  @a尚书全集@9shang shu quan ji@f周学兵注译
210    @a成都@c天地出版社@d2017
215    @a289页@d23cm
330    @a本书以六种文体划分,分别为典、谟、誓、诰、训、命。每一篇都包括了原文、注释和译文三部分。
605    @a《尚书》@x注释
605    @a《尚书》@x译文
606 0  @a商周时代@x历史@j通俗读物
690    @aK221.04@v5
701  0 @a周学兵@9zhou xue bing@4注译
801  0 @aCN@b上海新华@c20180901
905    @b1153473-7@dK221.04@e38@f5
    
    尚书全集/周学兵注译.-成都:天地出版社,2017
    289页;23cm
    
    
    ISBN 978-7-5455-2395-9(线装):CNY29.80
    本书以六种文体划分,分别为典、谟、誓、诰、训、命。每一篇都包括了原文、注释和译文三部分。
●
相关链接 在E读中查询图书 在五车中查询图书 在当当中查询图书 在豆瓣中查询图书


正题名:尚书全集     索取号:K221.04/38         预约/预借

序号 登录号 条形码 馆藏地/架位号 状态 备注
1 1153473   211534730   第二样本阅览室/ [索取号:K221.04/38] 在馆    
2 1153474   211534749   第二借阅区/ [索取号:K221.04/38] 在馆    
3 1153475   211534758   第二借阅区/ [索取号:K221.04/38] 在馆    
4 1153476   211534767   第二借阅区/ [索取号:K221.04/38] 在馆    
5 1153477   211534776   密集书库-史法系/ [索取号:K221.04/38] 在馆    
唐山师范学院图书馆 欢迎您!
大连网信软件有限公司© 版权所有